| 000 | 00566nam a2200181Ia 4500 | ||
|---|---|---|---|
| 003 | LK-CoDNM | ||
| 008 | 010623t1931 xxu||||| |||| 00| 1 sin d | ||
| 040 |
_aLK-CoDNM _dLK-CoDNM _eLK-CoDNM |
||
| 041 | _asin | ||
| 080 | _a104 Z.21 | ||
| 100 | _aKulathunga,K.B | ||
| 245 | _aපුරාණ නාඩි කියමන සහ සන්නි රෝග චිකිත්සාව | ||
| 246 | _aPuraana naaadi kiyamana saha Sanni rooga chikithsawa | ||
| 260 |
_bAnanda press _aKatugastota _c1931 |
||
| 300 | _b24p., 21 cm | ||
| 650 | _aPulse therapy | ||
| 942 | _cBK | ||
| 999 |
_c95897 _d95897 |
||